| 000 | 00790nam a2200253 i 4500 | ||
|---|---|---|---|
| 001 | bg | ||
| 100 | 1 | _aPRZYBYŁOWICZ, Karol. | |
| 245 | 1 | 0 |
_aRepetytorium z materiałoznawstwa. _nCz.5, _pStopy żelaza / _cKarol Przybyłowicz, Janusz Przybyłowicz. |
| 250 | _aWyd.2 popr. | ||
| 260 |
_aKielce : _bWydaw. PŚ, _c2003. |
||
| 300 |
_a102 s. : _bil. ; _c24 cm. |
||
| 490 | 1 |
_aSkrypt / [Politechnika Świętokrzyska], _x0239-6386 ; _vnr 393 |
|
| 504 | _aIndeks. | ||
| 650 | 9 | _aMetaloznawstwo | |
| 650 | 9 | _aStopy (metalurg.) | |
| 650 | 9 |
_aŻelazo _xmetalurgia |
|
| 655 | _aPodręczniki akademickie | ||
| 830 | 0 |
_aSkrypt ([Politechnika Świętokrzyska]) ; _vnr 393 |
|
| 040 | _cBPK | ||
| 041 | 0 | _apl | |
| 080 | _a669.1(075.8) | ||
| 942 | _cKS | ||
| 008 | s pl f |000 0 pol | ||
| 999 |
_c43274 _d43274 |
||
| 856 |
_uhttp://koha.tu.koszalin.pl/cgi-bin/koha/opac-detail.pl?biblionumber=43274 _yKatalog online BPK |
||